000 00324nam a22001457a 4500
008 210305b ||||| |||| 00| 0 eng d
020 _a9780558645557
041 _aeng
080 _27th
_a610.73
082 _a610.73
100 _a1
101 _aINF
245 _aPractical Nursing Skills
_cKeiser C.C
942 _2udc
_cBK
999 _c55811
_d55811